Psychology and work : an introduction to industrial and organizational psychology / Donald M. Tuxillo, Talya N. Bauer and Berrin Erdogan. (Record no. 22368)
| 000 -LEADER | |
|---|---|
| fixed length control field | 02086nam a22001937a 4500 |
| 020 ## - INTERNATIONAL STANDARD BOOK NUMBER | |
| ISBN | 9780367151287 |
| 082 ## - DEWEY DECIMAL CLASSIFICATION NUMBER | |
| Classification number | 158.7 |
| Item number | T874 2021 |
| 100 ## - MAIN ENTRY--AUTHOR NAME | |
| Personal name | Truxillo, Donald M., author. |
| 245 ## - TITLE STATEMENT | |
| Title | Psychology and work : an introduction to industrial and organizational psychology / Donald M. Tuxillo, Talya N. Bauer and Berrin Erdogan. |
| 250 ## - EDITION STATEMENT | |
| Edition statement | Second edition. |
| 260 ## - PUBLICATION, DISTRIBUTION, ETC. (IMPRINT) | |
| Place of publication | New York : |
| Name of publisher | Routledge, |
| Year of publication | 2021. |
| 300 ## - PHYSICAL DESCRIPTION | |
| Number of Pages | 1 online resource, 684 pages. |
| 500 ## - GENERAL NOTE | |
| General note | Includes bibliographical references and index. |
| 520 ## - SUMMARY, ETC. | |
| Summary, etc | Psychology and Work is a new edition of the award-winning textbook written for introductory Industrial and Organizational (I-O) Psychology classes. This book makes the core topics of I-O Psychology clear, relevant, and accessible to students through its dynamic design. The real-world examples from the perspectives of employees and employers highlight how I-O Psychology is applied to today's workplace. Psychology and Work, Second Edition covers the core areas of I-O Psychology including an overview of the field and its history. The topics covered include up-to-date research methods and statistics; job analysis and criterion measurement; performance appraisal; personnel selection; training and development; work motivation; leadership; job attitudes and emotions, occupational health psychology, safety, and stress; teams; and organizational structure, culture, and change. Throughout the text, an emphasis is placed on essential issues for today's workplace such as diversity and inclusion, the evolving role of big data and analytics, legal issues, and the changing nature of work. Written by dedicated I-O professors with expertise in I-O Psychology and teaching this course, the book and supporting materials provide a range of high-quality pedagogical materials, including interactive features, quizzes, PowerPoint slides, numerous case studies, recommended videos, and an expanded, high-quality test bank |
| 650 ## - SUBJECT ADDED ENTRY--TOPICAL TERM | |
| Topical Term | Psychology, Industrial. |
| 700 ## - ADDED ENTRY--PERSONAL NAME | |
| Personal name | Bauer, Talya N., author. |
| 700 ## - ADDED ENTRY--PERSONAL NAME | |
| Personal name | Erdogan, Berrin., author. |
| 942 ## - ADDED ENTRY ELEMENTS (KOHA) | |
| Koha item type | Electronic Books |
| Source of acquisition | Permanent Location | Date acquired | Collection code | Koha item type | Lost status | Shelving location | Withdrawn status | Current Location | Full call number |
|---|---|---|---|---|---|---|---|---|---|
| Donation | Cagayan State University - Carig Library | 2026-04-14 | E-Books | Electronic Books | E-Resource Section | Cagayan State University - Carig Library | 158.7 T869 2021 |